Sistemas de Seguridade no Mundo A dignidade humana est ̀em primeiro lugar? /

Detalles Bibliográficos
Autor principal: Morais, Ocľio de Jess︢ C.
Otros Autores: Mussi, Cristiane Miziara, Alves, Hľio Gustavo
Formato: eBook
Lenguaje:portugués
Publicado: San Pablo: LTR, 2019
Materias:
Acceso en línea:Acceso restringido

MARC

LEADER 00000nam a22000007a 4500
005 20191216225451.0
007 cr|||| ||||
008 191216s2019 br |||||s|||| 00||0 por d
020 |a 978-85-301-0078-0 
035 |a 30900 
040 |a vLex 
090 |c 10079  |d 10079 
100 1 |a Morais, Ocľio de Jess︢ C. 
245 1 0 |a Sistemas de Seguridade no Mundo  |h [Recurso electrn̤ico] :  |b A dignidade humana est ̀em primeiro lugar? /  |c Ocľio de Jess︢ C. Morais, Cristiane Miziara Mussi, Hľio Gustavo Alves 
256 |a Servicio en ln̕ea 
260 |a San Pablo:  |b LTR,  |c 2019 
300 |a 1 recurso electrn̤ico 
500 |a O livro “Sistemas de seguridade no mundo - A dignidade humana est ̀em primeiro lugar?” entra para a literatura jurd̕ica das cin̊cias da seguridade no Brasil como obra histr̤ica e m̕par da Academia Brasileira de Direito da Seguridade Social (ABDSS). Histr̤ica por ser a primeira obra coletiva da existn̊cia da ABDSS, reunindo artigos de grande qualidade tčnica, e m̕par porque apresenta uma profunda e sřia investigaȯ̂ acadm̊ica acerca dos grandes regimes ou sistemas de seguridade social no mundo para saber como sô organizados e se as opė̳s normativas colocam a pessoa em primeiro lugar. Eis um livro necessr̀io que a comunidade acadm̊ica em particular e o leitor em geral precisam conhecer. O leitor vai encontrar informaė̳s sobre a organizaȯ̂ e evoluȯ̂ da proteȯ̂ social nas Amřicas do Sul, Central e do Norte, na Europa, na ℓsia e na Oceania. É um estudo cientf̕ico global dos sistemas de seguridade, indispensv̀el para todas as r̀eas de conhecimento. 
506 1 |a Disponible solo en los productos indicados  |d vLex Global  |d vLex Global (Academic Edition, excluding Law Schools)  |d vLex Global (U.S. Academic Edition, Law Schools)  |d vLex Global (U.S. Academic Edition, excluding Law Schools)  |d vLex Global (Academic Edition, Law Schools) 
650 0 4 |a Derecho Civil  |z Brasil 
650 0 4 |a Derecho Constitucional  |z Brasil 
700 1 |a Mussi, Cristiane Miziara 
700 1 |a Alves, Hľio Gustavo 
740 0 |a vLex Libros (Servicio en ln̕ea) 
856 4 0 |u http://vlex.com/source/sistemas-de-seguridade-no-mundo-a-dignidade-humana-esta-em-primeiro-lugar--30900  |z Acceso restringido 
942 |c BOOK 
999 0 |a Civil Law 
999 0 |a Constitutional Law